101 great answers to the toughest interview questions (Record no. 234021)

MARC details
000 -LEADER
fixed length control field 00296nam a2200097Ia 4500
082 ## - DEWEY DECIMAL CLASSIFICATION NUMBER
Classification number 650.144 FRY
008 - FIXED-LENGTH DATA ELEMENTS--GENERAL INFORMATION
fixed length control field 210817s9999 xx 000 0 und d
100 ## - MAIN ENTRY--PERSONAL NAME
Personal name FRY, Ronald W. Boston, MA, 2009 6th ed
9 (RLIN) 71780
245 #0 - TITLE STATEMENT
Title 101 great answers to the toughest interview questions
942 ## - ADDED ENTRY ELEMENTS
item type Books
Holdings
Withdrawn status Lost status Damaged status Not for loan Home library Current library Date acquired Cost, normal purchase price Total Checkouts Barcode Date last seen Price effective from item type
        Lebohang Lebohang 18.08.2021 235.00   33228017596469 18.08.2021 18.08.2021 Books